Barrios por Distritos: Ciudad Lineal - Estadísticas

Estadísticas generales
  • Esta prueba ha sido intentada 18 veces
  • La puntuación promedio es 4 de 9
Estadísticas de respuestas
Pista Barrio % Correcto
Cementerio de la Almudena Ventas
76%
Parroquia de Nuestra Señora de la Concepción, Bar Docamar Quintana
71%
Centro Comercial Alcalá Norte Pueblo Nuevo
53%
Parque de El Calero Concepción
41%
Mercado de San Pascual, Edificio Los Cubos San Pascual
35%
Metro Avenida de Guadalajara Colina
24%
Parque Pinar del Rey Atalaya
18%
Metro Pinar de Chamartín Costillares
18%
Metro Arturo Soria, Centro Comercial Arturo Soria Plaza San Juan Bautista
18%
No se encontraron pruebas coincidentes
Distribución de puntuación
Porcentaje de gente con cada puntuación
Porcentaje por número respondido
Historial de tus puntuaciones
No has intentado esta prueba.